[Event "SUI-chT"]
[Site "Switzerland"]
[Date "2002.03.03"]
[Round "1.2"]
[White "Sedina, Elena"]
[Black "Pelletier, Yannick"]
[Result "0-1"]
[WhiteElo "2402"]
[BlackElo "2549"]
[Annotator "Pelletier,Y"]
[PlyCount "84"]
[EventDate "2002.03.03"]
[EventType "team-tourn"]
[EventRounds "9"]
[EventCountry "SUI"]
[SourceTitle "EXT 2003"]
[Source "ChessBase"]
[SourceDate "2002.11.25"]
[SourceVersion "1"]
[SourceVersionDate "2002.11.25"]
[SourceQuality "1"]
[WhiteTeam "Mendrisio"]
[BlackTeam "Biel"]
[WhiteTeamCountry "SUI"]
[BlackTeamCountry "SUI"]

1. e4 c5 2. Nf3 d6 3. Bb5+ Bd7 4. Bxd7+ Nxd7 5. O-O Ngf6 6. d3 e6 7. Nc3 Be7 8.
Ng5 {Dieser Zug wurde vor einigen Jahren von Sergei Tiviakov empfohlen, wobei
er sogar behauptete, dass 4. ... Sxd7 aus diesem Grund von zweifelhaftem Wert
sei. Ich hatte damals eine Antwort vorbereitet...} d5 ({Ständig wurde hier} 
8... h6 9. Nh3 {gespielt, und nun in der Begegnung Tiviakov-Oll, Beijing 1997,
folgte} g5 $6 10. f4 g4 11. Nf2 h5 12. Qe2 Qc7 13. Nb5 Qc6 14. c4 {mit weissem
Vorteil. Anstelle von 9...g5?! verdient erneut 9...d5 den Vorzug, da 10. exd5
exd5 11.Qf3 Ne5 12.Qg3 Ng6 13.Nf4 Nxf4 14.Bxf4 Nh5 ungefährlich ist.}) 9. exd5
exd5 10. Qf3 {Das ist die natürliche Spielweise. Weiss greift unverzüglich das
gegnerische Zentrum an.} Ne5 11. Qg3 Ng6 12. f4 O-O 13. f5 Bd6 14. Qh3 Ne7 {
Diese Stellung hatte ich damals auf meinem Vorbereitungsbrett, wobei ich die
schwarzen Aussichten als nicht schlechter eingestuft hatte. Trotzdem darf der
Nachziehende die gegnerischen Angriffschancen am Königsflügel nicht
unterschätzen.} 15. Nf3 ({Gefährlicher sieht} 15. g4 {aus, wonach} Qd7 $5 {
vermutlich am besten ist. Die Alternativen} (15... d4 16. Nce4 Ned5 17. Bd2 $14
) ({und} 15... h6 16. Nf3 Nh7 17. Bd2 $14 {sind unangenehm}) {, aber nach} 16.
Bd2 ({oder} 16. Nf3 d4 17. Ne4 Nxe4 18. dxe4 f6) 16... Rae8 $13 {kann sich
behaupten.}) 15... d4 16. Ne4 ({Die entstehende Bauernstruktur begünstigt den
Nachziehenden, obwohl die weissen Angriffsperspektiven intakt bleiben. Mir
gefällt} 16. Nb5 $5 {besser.}) 16... Nxe4 17. dxe4 f6 18. g4 Nc6 ({Ich wollte
zuerst den Vorstoss des g-Bauern mittels} 18... h6 {verhindern, aber das wäre
unnütz gewesen, da Weiss trotzdem} 19. g5 $1 {spielen würde. Nach} hxg5 20.
Bxg5 $1 fxg5 $2 21. Nxg5 {ist es schon kaputt.}) 19. g5 Qe8 $6 ({Genauer war
hier} 19... Qd7 $5 {Ich befürchtete} 20. Qh4 ({oder} 20. gxf6 Rxf6 21. Bg5 Rf7
22. Bd2 h6 $15 {und die Dame steht auf d7 besser}) 20... Ne5 21. Nxe5 (21. g6
$142 h6 22. Bd2 Rfe8 23. Rae1 Nxf3+ 24. Rxf3 Bf8 $132 {[%csl Re4]}) 21... Bxe5
22. g6 {aber es scheint, als ob Weiss nach} h6 {nie richtig auf h6 opfern kann.
Eine denkbare Fortsetzung lautet} 23. Bd2 Rfe8 24. Rf3 Bd6 {gefolgt von Bf8
und der Turmverdoppelung auf der e-Linie. Der Druck gegen e4 und die
bewegliche Bauernmehrheit am Damenflügel würden Schwarz die besseren
Aussichten versprechen.}) 20. gxf6 Rxf6 21. Bg5 ({Nach} 21. Ng5 h6 (21... Rh6
$2 22. Qb3+) 22. Ne6 Nd8 $15 {wird der Eindringling beseitigt.}) 21... Rf7 22.
Bd2 $1 {Meine Gegnerin provoziert eine Schwächung meiner Königstellung, was
ihr aktive Möglichkeiten für den schwarzen positionellen Vorteil auf jeden
Fall einräumen wird.} h6 23. Rae1 Ne5 24. Nh4 $1 ({Ich hatte eher} 24. Kh1 Nxf3
25. Rxf3 (25. Qxf3 Be5 26. Rg1 Rf6) 25... Be5 26. Rg1 {erwartet, aber nach} Rf6
{hat Schwarz seine Verteidigung organisiert und kann bereits daran denken, am
Damenflügel mittels ... c4 oder Ra6 aktiv zu werden.}) 24... Rf6 ({Der f-Bauer
muss blokkiert werden, da} 24... Qa4 25. f6 $1 Qxc2 26. Bxh6 $1 $40 {äusserst
gefährlich ist.}) 25. Bf4 $2 ({Den Kampf um das Feld e5 sollte Weiss nicht
unternehmen, denn Schwarz kontrolliert dieses Feld sehr gut. Richtig war} 25.
Ng2 $1 {[%cal Gg2f4,Gf4e6] , um via f4 auf die geschwächten weissen Felder
einzudringen. Als bestes erachte ich dann für Schwarz} Nf7 $1 (25... Qa4 $6 26.
Nf4 $1 Qxc2 27. Rf2 $16) (25... g5 $6 26. fxg6 Rxg6 27. Bxh6) (25... Nc4 26.
Bc1 {/\ b3}) {Und nach} 26. Nf4 (26. Bf4 c4) {muss der Springer beistigt
werden, da er auf e6 viel Unruhe verursachen würde:} 26... Bxf4 27. Bxf4 Qd7 $1
28. Qg3 (28. e5 $2 Qxf5) (28. Rf2 Re8) 28... Re8 {und Schwarz hält knapp die
Stellung.}) 25... Qc6 26. Bxe5 (26. Kh1 $142 Re8 27. Rg1 Nc4 $1 28. Qg2 Qd7 $15
) 26... Bxe5 27. Kh1 Re8 28. Rg1 c4 29. Rg4 ({Auf} 29. Nf3 {wollte ich mit} Qc7
{[%cal Gf6a6,Yf6b6] reagieren, da der Rf6 entlang der 6. Reihe plötzlich zum
Damenflügel herübergeschoben werden kann.}) 29... Rd6 30. Ng6 $138 ({Elena
Sedina begeht eine weitere Ungenauigkeit in Zeitnot. Vorzuziehen war} 30. Nf3 {
, obwohl Schwarz mittels} d3 $1 31. cxd3 (31. Nxe5 Rxe5 32. Rxg7+ Kxg7 33. Qg3+
Kf7 34. Qxe5 dxc2 35. Rg1 Rd1 $19 {und es gibt kein Dauerschach}) 31... cxd3
32. Nxe5 Rxe5 33. Rxg7+ Kxg7 34. Qg3+ Kf7 $1 35. Qxe5 d2 36. Rd1 Qc2 $19) 30...
Bf6 31. Qg2 d3 32. cxd3 ({Hartnäckiger war sofort} 32. e5 dxc2 (32... d2 33.
Rd1 Bxe5 34. Nxe5 Qxg2+ 35. Rxg2 Rxe5 36. Rgxd2 Rxd2 37. Rxd2 Rxf5 $17) 33.
Qxc6 bxc6 34. Rxc4 Rd2 35. h4 Bd8 $17) 32... cxd3 33. e5 d2 34. Rd1 Qc2 $1 (
34... Bxe5 35. Nxe5 Qxg2+ 36. Rxg2 Rxe5 37. Rgxd2 Rxd2 38. Rxd2 Rxf5 $17) 35.
Qg1 Rc6 36. exf6 Qxd1 37. Qxd1 (37. f7+ Kxf7 38. Ne5+ Rxe5 39. Rxg7+ Ke8 $19)
37... Re1+ (37... Rc1 $6 38. Ne7+ Rxe7 39. fxe7 Rxd1+ 40. Kg2 Kf7 41. Rd4 Kxe7
$17) 38. Rg1 (38. Kg2 Rxd1 39. Rd4 Kf7 $1 40. Ne5+ Kxf6 41. Nxc6 bxc6 $19)
38... Rxd1 39. Ne7+ Kf7 40. Rxd1 Rc1 41. fxg7 Rxd1+ 42. Kg2 Kxg7 0-1

[Event "ISR-ch"]
[Site "Tel Aviv"]
[Date "2002.11.30"]
[Round "6"]
[White "Postny, Evgeny"]
[Black "Lerner, Konstantin Z"]
[Result "1/2-1/2"]
[WhiteElo "2497"]
[BlackElo "2504"]
[Annotator "Postny,E"]
[PlyCount "153"]
[EventDate "2002.11.24"]
[EventType "swiss"]
[EventRounds "9"]
[EventCountry "ISR"]
[SourceTitle "CBM 093"]
[Source "ChessBase"]
[SourceDate "2003.04.01"]
[SourceVersion "1"]
[SourceVersionDate "2003.04.01"]
[SourceQuality "1"]

1. e4 c5 2. Nf3 d6 3. Bb5+ Bd7 4. Bxd7+ Qxd7 5. O-O Nf6 6. Re1 Nc6 7. b3 ({
Another way of development is} 7. c3 {[%cal Gd2d4]}) 7... e6 {Black can also
play 7...g6. I think it's just a matter of taste.} 8. Bb2 Be7 9. c4 O-O 10. d4
cxd4 11. Nxd4 Rfd8 12. Nc3 {A typical "hedgehog" setup. White has advantage in
space, while black's position is quite solid and flexible.} a6 13. Qd2 $6 {
This choice is not too wise, since it allows black the typical breakthrow
which follows. White has several playable alternatives:} (13. Nc2 Rab8 14. a4
Qc7 15. Rb1 Ne5 16. h3 Ng6 17. Ba1 Nd7 18. Ne3 Bf6 19. Qd2 Qc5 20. g3 h5 21. h4
Nde5 22. Kg2 Rbc8 23. f4 Nc6 24. Rf1 Bd4 25. Nc2 Bf6 26. Ne3 Bd4 27. Nc2 {
1/2-1/2 Ye Jiangchuan-Georgiev,K/Elista 1998/CBM 66 ext (27)}) (13. a4 Ne8 14.
Nc2 Nc7 15. Ne3 Bf6 16. Qh5 Bd4 17. Rad1 Rac8 18. Rd2 $14 {1/2-1/2 Adams,
M-Lalic,B/London 2000/CBM 76 (51)}) (13. Nxc6 Qxc6 14. Qe2 Bf8 15. Rad1 Rac8
16. Rd3 Nd7 17. Qh5 g6 18. Qh4 Bg7 19. Nd1 Ne5 20. Rh3 h5 $15 {1/2-1/2
Zarnicki,P-Vazquez,R/Havana 2002 (45)}) 13... b5 $1 14. cxb5 Nxd4 15. Qxd4 axb5
16. a4 $146 {This looks like the only attempt to justify white's previous play,
but black's position is already slightly preferable.} (16. Rad1 Qb7 17. Rd3 b4
18. Na4 d5 19. e5 Ne4 $15 {0-1 Vandevoort,P-Vanderstricht,G/Antwerp 1999/CBM
73 ext (35)}) 16... bxa4 17. bxa4 Ra6 $1 $15 {This is the most flexible move.
The black rook from a6 attacking the Pa4 and defending the Pd6 as well.} 18.
Red1 ({Possible was} 18. Rec1) 18... Qb7 19. Rab1 Qa8 20. e5 $5 {Here I
realized, that my position is worse, therefore I should try to simplify the
position, but objectively speaking, I am not sure about the evaluation of this
move.} Ne8 {This is more exact, than 20...dxe5. Black is setting free the f6
square for the bishop.} 21. exd6 Raxd6 22. Qc4 $6 (22. Qf4 Rxd1+ 23. Rxd1 Bf6
24. Rxd8 Qxd8 25. h3 $15) 22... Rc8 {Black rightly avoids the unfavourable for
him exchange of rooks.} 23. Qa2 ({A bit more precise was} 23. Qb3 {since the
queen has more influence from b3, compared to a2.}) 23... Bf6 24. Rxd6 Nxd6 {
Black has achieved optimum activity for his pieces. The Pa4 is actually doomed,
so white is clearly fighting for a draw.} 25. Rc1 h6 ({Black could have won
the Pa4 by force after} 25... Rc4 {, but the move in the text is no worse.})
26. Nd1 $6 {[%csl Re1] After this careless move white has another problem to
solve - the weakness of the first rank.} ({Better was naturally} 26. h3) 26...
Qa5 $6 (26... Qe4 $1 27. Rxc8+ Nxc8 28. Ne3 Bxb2 29. Qxb2 Qxa4 {and white
faces a tough struggle for a draw.}) 27. Rxc8+ Nxc8 28. Qc4 (28. Bc3 Bxc3 29.
Qc2 Ne7 $1 30. Qxc3 (30. Nxc3 $4 Nd5 $19 {[%csl Re1][%cal Ra5e1]}) 30... Qxa4
$17) ({Probably stronger was} 28. Kf1 $5 Qa6+ 29. Ke1 {This position looks
quite suspicious for white, but there is no clear way for black to take
advantage of it.}) 28... Nb6 29. Qe2 Bxb2 30. Nxb2 Nxa4 31. Nxa4 {The exchange
of knights makes white's task easier.} Qxa4 {In general, this sort of endgame
should be drawn. However in practice the stronger side can play on for many
many moves and the defender has to be on his guard all the time. The slightest
mistake can be fatal.} 32. g3 g5 33. h3 {Preventing the g5-g4 squeezing
advance.} Qd4 34. Qc2 Kg7 35. Qe2 e5 $6 {This is a dubious plan. Black is
moving his pawns in the wrong order, after which it would be much more
difficult to carry out the push f7-f5.} ({More troublesome for white would
have been} 35... Qd5 {protecting the Pe6 and preparing f7-f5.}) 36. Qf3 e4 37.
Qf5 e3 {Black has no other way to play for a win, however the exchange of
pawns is in favour of the defending side.} 38. fxe3 Qxe3+ 39. Kg2 Qe2+ 40. Kg1
Qe3+ 41. Kg2 Qe2+ 42. Kg1 Qe6 43. Qf1 $8 f5 44. Qf2 {Since the pawn balance
has shifted from 4-3 to 3-2 white's defensive task has become easier.} Kg6 45.
Qd2 Qe5 46. Kg2 h5 47. Qd8 Qe2+ 48. Kg1 Qe6 49. h4 {Forcing another exchange
of pawns after which the draw becomes quite obvious.} gxh4 50. gxh4 Qf6 51.
Qe8+ Kh6 52. Qe3+ f4 53. Qf2 {White does not have to look for constant checks
all the time. Good enough is an approach, where black does not have any
constructive way to strengthen his position.} Qg6+ 54. Kh2 Qe4 55. Qb6+ Kg7 56.
Qc7+ Kg6 57. Qd6+ Kf5 58. Qd7+ Qe6 59. Qd3+ Kf6 (59... Kg4 $4 60. Qh3# {
Even in the simplest positions one always has to be careful...}) 60. Qd8+ Ke5
61. Qd3 {Preventing the further advance of the black king.} Qf5 62. Qc3+ Kd5
63. Qb3+ Kc6 64. Qc4+ Kd7 65. Qd4+ Ke8 66. Qa4+ Kf7 67. Qc4+ Kg7 68. Qc7+ Kg6
69. Qc6+ Qf6 70. Qc2+ Kh6 71. Qf2 {The same defensive "stand off" as after the
53.Qf2.} Qd6 72. Kh3 Kg6 73. Qg2+ Kf7 74. Qg5 Qd3+ 75. Kh2 Qd2+ 76. Kh3 Ke6 {
And now the stalemate idea finally appeares...} 77. Qf6+ 1/2-1/2

[Event "Belgrade RAD 30"]
[Site "Belgrade"]
[Date "1977.01.20"]
[Round "5.6"]
[White "Sax, Gyula"]
[Black "Weinstein, Norman"]
[Result "1/2-1/2"]
[WhiteElo "2565"]
[BlackElo "2475"]
[Annotator "Primel,D"]
[PlyCount "38"]
[EventDate "1977.01.15"]
[EventType "tourn"]
[EventRounds "13"]
[EventCountry "SRB"]
[EventCategory "9"]
[SourceTitle "EXT 2018"]
[Source "ChessBase"]
[SourceDate "2017.10.13"]
[SourceVersion "1"]
[SourceVersionDate "2017.10.13"]
[SourceQuality "1"]
[TimeControl "40/9000:16/5400:0"]

1. e4 c5 2. Nf3 d6 3. Bb5+ Bd7 4. Bxd7+ Qxd7 5. O-O Nf6 6. e5 (6. Re1) (6. Qe2)
6... dxe5 7. Nxe5 Qc8 (7... Qc7) 8. Qf3 e6 9. Nc3 Be7 10. d3 O-O 11. Bf4 Nbd7 (
11... Nfd7 $142 12. Qg3) 12. Nc4 Nb6 13. Nd6 Bxd6 14. Bxd6 Re8 15. a4 Nbd5 16.
Ne4 Rd8 17. Nxf6+ Nxf6 18. Be5 Ne8 19. Rfe1 (19. a5) 19... f6 1/2-1/2

[Event "North Sea Cup 17th"]
[Site "Esbjerg"]
[Date "2002.07.09"]
[Round "5"]
[White "Volokitin, Andrei"]
[Black "Dominguez Perez, Leinier"]
[Result "1/2-1/2"]
[WhiteElo "2545"]
[BlackElo "2613"]
[Annotator "Psakhis,L"]
[PlyCount "65"]
[EventDate "2002.07.05"]
[EventType "tourn"]
[EventRounds "9"]
[EventCountry "DEN"]
[EventCategory "14"]
[SourceTitle "CBM 091"]
[Source "ChessBase"]
[SourceDate "2002.11.12"]
[SourceVersion "1"]
[SourceVersionDate "2002.11.12"]
[SourceQuality "1"]

1. e4 c5 2. Nf3 d6 3. Bb5+ Bd7 4. Bxd7+ Qxd7 5. O-O Nf6 6. e5 dxe5 7. Nxe5 {
Not the hottest theoretical line, but one that still presents Black with a few
problems to solve} Qd6 (7... Qc7 8. d4 cxd4 9. Bf4 (9. Qxd4 Nc6 10. Nxc6 Qxc6
11. Bg5 Ne4 12. Bh4 Rd8 13. Qxa7 g5 $1 14. Bg3 Bg7 $36 {1/2-1/2 Vydeslaver,
A-Karpman,V/ISR t-ch 2002 (32)}) 9... Nc6 10. Re1 Nxe5 11. Bxe5 Qc6 12. Qxd4 e6
13. Nc3 Bc5 14. Qh4 Nd7 15. Bg3 Be7 16. Qe4 Rc8 $11 {1/2-1/2 Felgaer,R-Aagaard,
J/Copenhagen Politiken Cup 2002/The Week in Chess 402 (38)}) 8. Qe2 Nbd7 9. Nc4
Qc6 10. Nc3 e6 (10... a6 11. a4 e6 12. f4 g6 13. f5 gxf5 14. Rxf5 Rg8 15. Rf3
Rg6 16. d3 Bg7 17. Bf4 Kf8 18. Raf1 $36 {1/2-1/2 Glek,I-Aseev,K/Heart Of
Finland op 2002 (32)}) 11. f4 $5 $146 {Quite fresh idea.After} (11. d3 Be7 12.
Bg5 O-O 13. Ne4 Rfe8 14. Nxf6+ Bxf6 15. Bxf6 Nxf6 16. Rfe1 Rad8 $11 {Delgado,
N-Dominguez,L/Havana 2001 (20) Black hadn't any problems to get nice game.})
11... g6 12. f5 $1 gxf5 13. Rxf5 {Here Black's pawn formation is seriously
compromised on the kingside, but he can hope to use g line for counterplay.}
Rg8 14. Rf3 Be7 15. a4 $5 {[%csl Gc4] It is very understandable that Volokitin
wants to keep knight on c4} (15. d3 b5) 15... Ng4 (15... O-O-O 16. d3 Kb8 17.
Bf4+ Ka8 18. a5 $5 $36) 16. d3 Nge5 (16... Bd6 17. Bf4) 17. Rf1 ({Worth
considering simple} 17. Nxe5 Nxe5 18. Rf1 $14 {[%cal Gc1f4]}) 17... Nxc4 18.
dxc4 Nf6 (18... Bf6 $5) (18... a6 $5) 19. Bf4 a6 20. Bg3 (20. Rad1) 20... Rd8 (
20... O-O-O 21. a5 {[%cal Gc3a4]} (21. Nb5 axb5 22. axb5 Qe4 23. Qxe4 Nxe4 24.
Rxf7 Kd7 $1) (21. Qe5 Nd7)) 21. Rf3 Ng4 {[%cal Gg4h6,Gh6f5]} 22. Re1 (22. Raf1
f5 (22... Nh6 23. Re1 $5) 23. Re1 {[%cal Rf3f5]}) 22... Rd7 23. Rf4 (23. a5 $5
{[%cal Gc3a4,Ga4b6,Gb6d5]}) 23... Nh6 24. Qh5 Rg6 25. Rfe4 Kf8 (25... Kd8 $5
26. a5 Nf5) 26. Bf4 Kg7 27. Nd5 $5 Bd8 {Black's weaknesses on the kingside are
well covered, and it is not easy for white to strengthen his position further}
28. Qe5+ (28. Bxh6+ Rxh6 29. Rg4+ Rg6 30. Nf4 Rxg4 (30... Bf6 31. Nxg6 hxg6 32.
b3 Qd6 $44) 31. Qxg4+ Kf8 $13) 28... Kg8 29. Qb8 Kg7 (29... Nf5 30. Bc7 $1) 30.
Qe5+ Kg8 31. Qb8 Kg7 32. Qe5+ Kg8 33. Qb8 {White got very nice position after
opening, but somehow couldn;t find best plan ( if it existed! ) and Black
managed to organize tough defense.} 1/2-1/2

[Event "Moscow Aeroflot op-A"]
[Site "Moscow"]
[Date "2004.02.22"]
[Round "6"]
[White "Vescovi, Giovanni P"]
[Black "Areshchenko, Alexander"]
[Result "1-0"]
[WhiteElo "2633"]
[BlackElo "2564"]
[Annotator "Psakhis,L"]
[PlyCount "57"]
[EventDate "2004.02.17"]
[EventType "swiss"]
[EventRounds "9"]
[EventCountry "RUS"]
[SourceTitle "CBM 100"]
[Source "ChessBase"]
[SourceDate "2004.06.01"]
[SourceVersion "1"]
[SourceVersionDate "2004.06.01"]
[SourceQuality "1"]

1. e4 c5 2. Nf3 d6 3. Bb5+ Bd7 4. Bxd7+ Qxd7 5. c4 Nf6 (5... Nc6 6. Nc3 g6 7.
d4 cxd4 8. Nxd4 Bg7 9. Nde2 {leads to ell known variations.}) 6. Nc3 g6 7. d4
cxd4 8. Nxd4 Bg7 9. f3 O-O 10. O-O Rc8 11. b3 d5 $5 {Great idea} (11... Nc6 $5
12. Be3 a6 {leads to famous theorethical position.}) 12. e5 ({Black has no
problems after} 12. exd5 Nxd5 13. Nxd5 e6 14. Bh6 (14. Be3 exd5 15. cxd5 Na6
16. Rc1 Rxc1 17. Qxc1 Nb4 18. Qd2 Nxd5 19. Ne2 Qe7 {1/2-1/2 Delchev-Ivanchuk,
Istanbul 2003}) 14... exd5 15. Bxg7 Kxg7 16. Nb5 dxc4 17. Nd6 Rd8 18. Nxb7 Qxd1
19. Rfxd1 Rxd1+ 20. Rxd1 cxb3 21. axb3 Nc6 22. Rd7 a5 23. Rd6 Rc8 {1/2-1/2
Lupulescu-Colovic, Subotica 2003}) ({Worth considering} 12. Nxd5 $5 e6 (12...
Nxd5 13. cxd5 e6 14. f4 exd5 15. e5 $14) 13. Nxf6+ (13. Ne3 Nxe4 $1 14. Bb2 Nc5
$11) 13... Bxf6 14. Be3 Rd8 15. Ne2 Bxa1 16. Qxa1 {with good compensation for
exchange}) 12... Ne8 13. Nxd5 e6 14. Nc3 Bxe5 {White got nothing from the
opening: Black's pieces are well-developed} 15. Nde2 $2 $146 {Bad novelty!
Good or bad, but White had to play} (15. Nce2 Rd8 16. Bb2 Nc6 17. Nxc6 Qxc6 18.
Qc2 $11 {with equal chances.} (18. Bxe5 Rxd1 19. Rfxd1 f6 20. Bg3 Qc5+ 21. Bf2
Qe7 22. Rd2 Rd8 $15 {Kuba,G-Wittmann,W/AUT t-ch 0304 2004//1/2-1/2 (60)})) (15.
Be3 $2 Rd8 16. Nde2 Qc7 $1 {[%cal Rd8d1,Ge5h2]}) 15... b5 $1 {[%cal Re5a1,
Gc8c3]} 16. Bh6 bxc4 17. Rb1 (17. Rc1 cxb3 18. axb3 Qxd1 19. Rfxd1 Nc6 $17)
17... cxb3 (17... Qxd1 $5 18. Rfxd1 cxb3 19. Rxb3 Nc6 $17) 18. Rxb3 Qe7 $2 {
It looks like Black was too happy with his position and understimated white's
attacking chances.} ({After smple and logical} 18... Qxd1 $17 {Black would
have more chances for a win than White for draw.}) 19. f4 Bh8 (19... Bg7 20.
Bxg7 Kxg7 21. Ne4 $15) 20. f5 $5 {[%mdl 2176]} gxf5 $6 {One should be a real
optimist to make such a move.'} (20... Rd8 $5 {deserved attention followed by
21...exf5,}) ({which is stronger than the immediate} 20... exf5 21. Nd5 $1 {
and White is very active.}) (20... Qc5+ $1 21. Kh1 exf5 22. Nd5 Nc6 $17) 21.
Nd5 $5 exd5 $2 {As know how badly this move turned out for Black in this game,
I dare suggesting} (21... Qc5+ $5 22. Kh1 Qxd5 23. Rg3+ Bg7 24. Qa1 e5 $1 (
24... f6 25. Bxg7 Nxg7 26. Qxf6 $18) {, and} 25. Bxg7 Nxg7 26. Nf4 Qd4 27. Qxd4
exd4 28. Nh5 {hardly gives White much.}) 22. Rg3+ Bg7 ({Maybe best option for
Areshchenko was strange move} 22... Ng7 {but white's attack is very dangerose
any case -} 23. Nd4 (23. Nc3 Qc5+ 24. Kh1 d4) 23... Qc5 24. Kh1 f4 $1 25. Rxg7+
Bxg7 26. Qg4 Qf8 27. Bxg7 $5 (27. Nf5 Rc6 $8 28. Bxg7 Rg6) 27... h5 28. Qxf4 (
28. Qf5 Kxg7 29. Qg5+ Kh8 $11) 28... Qxg7 29. Nf5 Rc4 $1 30. Qd6 Qf8 31. Nh6+
Kg7 32. Qf6+ Kh7 33. Nxf7 $18) 23. Nd4 Kf8 $4 {Lose immediately, but what
Black could do?} (23... Qc5 $8 24. Kh1 $1 (24. Re1 $2 Nc6 25. Rxe8+ Rxe8 26.
Bxg7 Ne7 $1 {[%cal Ge7g6]}) 24... f4 (24... Kf8 25. Nxf5 Bxh6 26. Nxh6 $40) 25.
Rxg7+ Nxg7 26. Qg4 Qf8 27. Bxg7 (27. Nf5 Rc6 $1) 27... h5 $1 28. Qxf4 $1 Kxg7 (
28... Qxg7 29. Nf5 Rc4 30. Qd6 Qf8 31. Nh6+ $18) 29. Nf5+ Kh7 30. Qg5 f6 31.
Qxh5+ Kg8 32. h3 $1 Nd7 $8 33. Rf3 {with decisive attack.}) (23... f4 $6 24.
Rxf4 Rc3 25. Rxc3 Bxh6 26. Nf5 Qe6 27. Rg3+ Kf8 (27... Bg7 28. Nxg7 Nxg7 29.
Qg4 $18) 28. Qd4 $16) 24. Rxg7 Nxg7 25. Nxf5 {It seems that Black's position
can no longer be saved - there are too many White' pieces pointed at the black
king!} Qe4 (25... Qc5+ 26. Kh1 Rc6 27. Bxg7+ Ke8 (27... Kg8 28. Bd4 Qc4 29. Qf3
$1 $18) 28. Qh5 $18) 26. Bxg7+ Kg8 (26... Ke8 27. Nd6+) 27. Qh5 Rc6 28. Nh6+
Kxg7 29. Qg5+ $1 (29. Qg5+ Rg6 30. Rxf7+ Kh8 31. Rf8+ Kg7 32. Rg8#) 1-0